The Development of an African working class : (Record no. 13779)

MARC details
000 -LEADER
fixed length control field 01064nam a22002892 4500
001 - CONTROL NUMBER
control field 0000020086
005 - DATE AND TIME OF LATEST TRANSACTION
control field 20151217155906.0
008 - FIXED-LENGTH DATA ELEMENTS--GENERAL INFORMATION
fixed length control field 110628s xx 000 0 eng d
020 ## - INTERNATIONAL STANDARD BOOK NUMBER
International Standard Book Number 0582641802 :
040 ## - CATALOGING SOURCE
Original cataloging agency KABU
Transcribing agency KABU
245 14 - TITLE STATEMENT
Title The Development of an African working class :
Remainder of title studies in class formation and action /
Statement of responsibility, etc. edited by Richard Sandbrook, Robin Cohen.
250 ## - EDITION STATEMENT
Edition statement 1st ed.
260 ## - PUBLICATION, DISTRIBUTION, ETC. (IMPRINT)
Place of publication, distribution, etc. London :
Name of publisher, distributor, etc. Longman,
Date of publication, distribution, etc. 1975.
300 ## - PHYSICAL DESCRIPTION
Extent pp 21 - 48.
500 ## - GENERAL NOTE
General note Photocopy.
650 #0 - SUBJECT ADDED ENTRY--TOPICAL TERM
Topical term or geographic name as entry element Working class
Form subdivision Congresses
Geographic subdivision Africa, Sub-Saharan.
-- 0000180149
650 #0 - SUBJECT ADDED ENTRY--TOPICAL TERM
Topical term or geographic name as entry element Labour unions
Form subdivision Congresses
Geographic subdivision Africa, Sub-Saharan.
-- 0000180150
700 1# - ADDED ENTRY--PERSONAL NAME
Personal name Sandbrook, Richard.
-- 0000180151
700 1# - ADDED ENTRY--PERSONAL NAME
Personal name Cohen, Robin.
-- 0000152774
908 ## - PUT COMMAND PARAMETER (RLIN)
Put command parameter 110628
950 ## - LOCAL HOLDINGS (RLIN)
-- 1
Holdings
Withdrawn status Lost status Source of classification or shelving scheme Not for loan Home library Current library Date acquired Total Checkouts Full call number Barcode Date last seen Price effective from Koha item type Date last checked out
    Library of Congress Classification   Kabarak, Main Campus Kabarak, Main Campus 17/12/2015   HD8776.5 .D48 1975 c. 1 18997 17/12/2015 17/12/2015 Africana Collection  
    Library of Congress Classification   Kabarak, Main Campus Kabarak, Main Campus 17/12/2015 1 HD8776.5 .D48 1975 c. 2 18994 14/09/2019 17/12/2015 Africana Collection 14/09/2019
    Library of Congress Classification   Kabarak, Main Campus Kabarak, Main Campus 17/12/2015   HD8776.5 .D48 1975 c. 3 18995 17/12/2015 17/12/2015 Africana Collection  
    Library of Congress Classification   Kabarak, Main Campus Kabarak, Main Campus 17/12/2015   HD8776.5 .D48 1975 c. 4 19018 17/12/2015 17/12/2015 Africana Collection  
Designed with assistance from East African Informatics Ltd